Bác sĩ ơi! Tại sao? (Tư vấn sức khỏe tuổi học đường)
Gespeichert in:
| 1. Verfasser: | |
|---|---|
| Format: | Buch |
| Sprache: | Undetermined |
| Veröffentlicht: |
Hà Nội
Thanh Niên
2000
|
| Schlagworte: | |
| Tags: |
Tag hinzufügen
Keine Tags, Fügen Sie den ersten Tag hinzu!
|
| Thư viện lưu trữ: | Trung tâm Học liệu Trường Đại học Cần Thơ |
|---|
| LEADER | 00604nam a2200193Ia 4500 | ||
|---|---|---|---|
| 001 | CTU_36794 | ||
| 008 | 210402s9999 xx 000 0 und d | ||
| 020 | |b 25.000đ | ||
| 082 | |a 614.5 | ||
| 082 | |b Đ103 | ||
| 100 | |a Bùi Đại | ||
| 245 | 0 | |a Bác sĩ ơi! Tại sao? (Tư vấn sức khỏe tuổi học đường) | |
| 245 | 0 | |c Bùi Đại, Lâm Quốc Hùng | |
| 260 | |a Hà Nội | ||
| 260 | |b Thanh Niên | ||
| 260 | |c 2000 | ||
| 650 | |a health education,medical care,public health | ||
| 904 | |i Minh, 000606 | ||
| 980 | |a Trung tâm Học liệu Trường Đại học Cần Thơ | ||